[Event "Xtracon Chess Open 2016"]
[Site "Elsinore"]
[Date "2016.07.31"]
[Round "10.79"]
[White "Nielsen, Klaus"]
[Black "Sande, Odmund"]
[Result "1-0"]
[WhiteElo "2089"]
[BlackElo "1877"]
[PlyCount "59"]
[EventDate "2016.07.23"]

1. d4 Nf6 2. Nc3 d5 3. Bf4 Bf5 4. Nf3 e6 5. a3 Be7 6. e3 O-O 7. Ne5 h6 8. g4
Bh7 9. g5 hxg5 10. Bxg5 Nbd7 11. Rg1 Ne4 12. Bh6 Bg6 13. Nxg6 fxg6 14. Nxe4
dxe4 15. Rxg6 Rf6 16. Rxg7+ Kh8 17. Qh5 Qe8 18. Qg5 Qf8 19. Rh7+ Kxh7 20. Bxf8
Raxf8 21. Qh4+ Kg7 22. Qxe4 Rxf2 23. Qg4+ Kh8 24. Qh3+ Kg7 25. Qg3+ Kh6 26. Bd3
R8f6 27. O-O-O Bd6 28. Qh4+ Kg7 29. Rg1+ Kf8 30. Qh7 1-0

[Event "Xtracon Chess Open 2016"]
[Site "Elsinore"]
[Date "2016.07.31"]
[Round "10.80"]
[White "Opseth, Erik"]
[Black "Hviid, Hans Henrik"]
[Result "0-1"]
[WhiteElo "1064"]
[BlackElo "1367"]
[PlyCount "118"]
[EventDate "2016.07.23"]

1. d4 d5 2. c4 dxc4 3. Nc3 e6 4. e4 Bb4 5. Bxc4 Nf6 6. Bd2 Bxc3 7. Bxc3 Nxe4 8.
Qg4 Nxc3 9. bxc3 g6 10. Qe4 Qf6 11. Ne2 O-O 12. O-O c6 13. a4 Qf5 14. Ng3 Qxe4
15. Nxe4 Kg7 16. Rfe1 Nd7 17. f4 Nb6 18. Bd3 Nd5 19. g3 Rd8 20. Bc4 f5 21. Nc5
Nxc3 22. Bxe6 Kh6 23. Bxc8 Raxc8 24. Ne6 Rd6 25. Ra3 Ne4 26. Nc5 Nxc5 27. dxc5
Rd5 28. Re5 Rxe5 29. fxe5 Rd8 30. Rb3 Rd7 31. Re3 Re7 32. a5 a6 33. Kf2 Kh5 34.
Kg2 g5 35. e6 Kg6 36. h4 gxh4 37. gxh4 Kf6 38. Kh3 Rxe6 39. Rg3 Re7 40. h5 Re5
41. h6 Rxc5 42. Rg7 Rxa5 43. Rxb7 Kg6 44. Rc7 Kxh6 45. Rxc6+ Kg5 46. Rc3 Ra4
47. Kg2 Rg4+ 48. Kf2 a5 49. Rc8 h5 50. Ke3 a4 51. Kf3 h4 52. Rg8+ Kh6 53. Rh8+
Kg7 54. Rc8 Rg3+ 55. Kf4 Kh6 56. Ke5 h3 57. Rc4 Kg5 58. Rf4 Re3+ 59. Kd4 Kxf4
0-1

[Event "Xtracon Chess Open 2016"]
[Site "Elsinore"]
[Date "2016.07.31"]
[Round "10.81"]
[White "Nielsen, Jorgen Lovgren"]
[Black "Hansen, Ole Foss"]
[Result "1-0"]
[WhiteElo "2085"]
[BlackElo "1871"]
[PlyCount "60"]
[EventDate "2016.07.23"]

1. e4 Nf6 2. e5 Nd5 3. d4 d6 4. Nf3 Bg4 5. c4 Nb6 6. exd6 exd6 7. Be2 Be7 8.
O-O O-O 9. Be3 N8d7 10. Qb3 Nf6 11. Nc3 c6 12. a4 Qc7 13. d5 Nbd7 14. h3 Bh5
15. Rfd1 Nc5 16. Bxc5 dxc5 17. Rd2 cxd5 18. cxd5 Bxf3 19. Bxf3 Qf4 20. Qd1 Bd6
21. g3 Qh6 22. Nb5 Be5 23. Re2 Nd7 24. d6 Rab8 25. Nxa7 Qxh3 26. Qd5 Qe6 27.
Qxe6 fxe6 28. Bg4 Rf6 29. Nb5 Kf7 30. Rae1 Rg6 1-0

[Event "Xtracon Chess Open 2016"]
[Site "Elsinore"]
[Date "2016.07.31"]
[Round "10.82"]
[White "Fossan, Benjamin"]
[Black "Jensen, Thore Nyboe"]
[Result "1/2-1/2"]
[WhiteElo "1873"]
[BlackElo "2081"]
[PlyCount "93"]
[EventDate "2016.07.23"]

1. e4 e6 2. d4 d5 3. Nc3 Bb4 4. Nge2 dxe4 5. a3 Bxc3+ 6. Nxc3 f5 7. f3 exf3 8.
Qxf3 Nf6 9. Bf4 O-O 10. O-O-O Nbd7 11. Nb5 Nd5 12. c4 Nxf4 13. Qxf4 c6 14. Nc3
Qf6 15. Bd3 e5 16. dxe5 Nxe5 17. Bc2 Be6 18. Rhe1 Nf7 19. g4 Rad8 20. h4 Rxd1+
21. Kxd1 Nd8 22. gxf5 Bxf5 23. Qxf5 Qxf5 24. Bxf5 Rxf5 25. Re8+ Rf8 26. Re7 h6
27. Na4 Kh7 28. Rd7 a5 29. Nc5 b6 30. Na4 b5 31. cxb5 cxb5 32. Nc3 b4 33. axb4
axb4 34. Nd5 Nc6 35. Rd6 Ne5 36. Nxb4 Rf4 37. Nc2 Rxh4 38. b4 Nc4 39. Rd4 Rxd4+
40. Nxd4 g5 41. Ke2 Kg6 42. Kf3 h5 43. b5 h4 44. Kg4 Kf6 45. Kh3 Ke5 46. Nf3+
Kf4 47. Nxh4 1/2-1/2

[Event "Xtracon Chess Open 2016"]
[Site "Elsinore"]
[Date "2016.07.31"]
[Round "10.83"]
[White "Stray, Gunnar"]
[Black "Dittrich, Tom"]
[Result "1/2-1/2"]
[WhiteElo "2074"]
[BlackElo "1864"]
[PlyCount "50"]
[EventDate "2016.07.23"]

1. d4 Nf6 2. Nf3 g6 3. Bf4 Bg7 4. e3 O-O 5. Be2 d6 6. h3 c5 7. c3 Nc6 8. Nbd2
cxd4 9. cxd4 Bf5 10. a3 Re8 11. Qb3 e5 12. dxe5 dxe5 13. Bg5 h6 14. Bxf6 Qxf6
15. e4 Bc8 16. O-O b6 17. Rac1 Bb7 18. Nc4 Nd4 19. Nxd4 exd4 20. e5 Qg5 21. Bf3
Bxf3 22. Qxf3 Bxe5 23. Nxe5 Qxe5 24. Rfd1 Rad8 25. Rc2 Qa5 1/2-1/2

[Event "Xtracon Chess Open 2016"]
[Site "Elsinore"]
[Date "2016.07.31"]
[Round "10.84"]
[White "Andberg, Tor Arne Heim"]
[Black "Salerno, Christian"]
[Result "0-1"]
[WhiteElo "1727"]
[BlackElo "2052"]
[PlyCount "188"]
[EventDate "2016.07.23"]

1. e4 e6 2. d4 d5 3. Nd2 Nf6 4. e5 Nfd7 5. c3 c5 6. Bd3 Nc6 7. Ne2 cxd4 8. cxd4
Qb6 9. Nf3 Bb4+ 10. Bd2 Bxd2+ 11. Qxd2 Qb4 12. Rc1 Qxd2+ 13. Kxd2 Nb6 14. b3
Bd7 15. Rc3 Ke7 16. Rhc1 h6 17. Ne1 f6 18. f4 Rhf8 19. Nf3 Be8 20. Ke3 Bh5 21.
Bb5 Be8 22. Bd3 Rc8 23. exf6+ gxf6 24. Ng3 Bd7 25. Bb1 Na8 26. Ne2 Nc7 27. Nh4
Rg8 28. Kd2 Nb5 29. Rd3 Nd6 30. Re3 Kf7 31. g3 Ne7 32. Rec3 Nc6 33. Bh7 Rg7 34.
Bd3 Be8 35. Ke3 Ke7 36. Rc5 Bh5 37. Nf3 Bg6 38. Bxg6 Rxg6 39. Nc3 Kd7 40. Nh4
Rgg8 41. Nb1 b6 42. R5c2 Rc7 43. Nf3 Nf5+ 44. Kf2 Rgc8 45. Rd2 h5 46. Na3 a6
47. Rcd1 Nb4 48. Nh4 Nd6 49. Kf3 Ne4 50. Rb2 Nc3 51. Rdd2 Nbxa2 52. Rxa2 Nxa2
53. Rxa2 Rc3+ 54. Ke2 Rxb3 55. Nc2 a5 56. Nf3 a4 57. Nd2 b5 58. Nxb3 axb3 59.
Ra7+ Kd8 60. Na3 b4 61. Nb1 Rc1 62. Rb7 Rxb1 63. Rxb4 b2 64. Kd2 Rh1 65. Kc2
Rxh2+ 66. Kb1 Rh3 67. Rb3 h4 68. Kxb2 Rxg3 69. Rb7 Rf3 70. Rb6 Ke7 71. Rb7+ Kf8
72. Rh7 Rxf4 73. Kc3 Kg8 74. Re7 Re4 75. Ra7 h3 76. Ra1 h2 77. Rh1 Rh4 78. Kd3
e5 79. dxe5 fxe5 80. Ke3 d4+ 81. Kd3 Kf7 82. Ke2 e4 83. Kd2 Ke6 84. Ke2 Ke5 85.
Kd2 Kf4 86. Ke2 d3+ 87. Kd2 Kf3 88. Ke1 Kg2 89. Rf1 e3 90. Rf2+ exf2+ 91. Kd2
f1=Q 92. Kc3 Qc1+ 93. Kb3 Qc2+ 94. Ka3 Ra4# 0-1

[Event "Xtracon Chess Open 2016"]
[Site "Elsinore"]
[Date "2016.07.31"]
[Round "10.85"]
[White "Skaale, Janus"]
[Black "Nielsen, Andre"]
[Result "1/2-1/2"]
[WhiteElo "1628"]
[BlackElo "2047"]
[PlyCount "52"]
[EventDate "2016.07.23"]

1. e4 e5 2. Nf3 Nc6 3. Bc4 Nf6 4. d3 Bc5 5. Nc3 d6 6. h3 a6 7. Be3 Ba7 8. Bxa7
Rxa7 9. O-O O-O 10. d4 exd4 11. Nxd4 Nxd4 12. Qxd4 c5 13. Qd3 b5 14. Bd5 b4 15.
Ne2 Nxd5 16. exd5 Re8 17. Ng3 Rae7 18. Qd2 Bb7 19. c4 Re5 20. Rfe1 g6 21. Rxe5
Rxe5 22. Re1 Qe7 23. Kf1 Bc8 24. f4 Rxe1+ 25. Qxe1 Kf8 26. Qxe7+ Kxe7 1/2-1/2

[Event "Xtracon Chess Open 2016"]
[Site "Elsinore"]
[Date "2016.07.31"]
[Round "10.86"]
[White "Thaler, Toni"]
[Black "Moller, Arne"]
[Result "0-1"]
[WhiteElo "2037"]
[BlackElo "1843"]
[PlyCount "140"]
[EventDate "2016.07.23"]

1. d4 Nf6 2. Nf3 e6 3. g3 b6 4. Bg2 Bb7 5. O-O d5 6. c4 c6 7. b3 Be7 8. Nc3 O-O
9. Qc2 Nbd7 10. Bb2 Rc8 11. Rac1 a6 12. Rfd1 Rc7 13. e4 dxe4 14. Nxe4 Nxe4 15.
Qxe4 Nf6 16. Qe2 Qa8 17. c5 b5 18. b4 Nd5 19. a3 Bf6 20. Ne5 Qd8 21. f4 g6 22.
Rf1 Bg7 23. Rce1 Re7 24. Bc1 Qc7 25. g4 f6 26. Nd3 Rfe8 27. Qf2 Bc8 28. Bxd5
exd5 29. Rxe7 Rxe7 30. f5 Re4 31. h3 Qe7 32. fxg6 hxg6 33. Nf4 Kf7 34. Nd3 Kg8
35. Nf4 Qe8 36. Ng2 f5 37. Bb2 fxg4 38. h4 Bf5 39. Re1 Bh6 40. Rxe4 Qxe4 41.
Qe1 g3 42. Bc3 Qxe1+ 43. Bxe1 Bc1 44. Bc3 Be4 45. Be1 Bxg2 46. Kxg2 Bxa3 47.
Bc3 Bc1 48. Kxg3 Kf7 49. Kf3 Kf6 50. Kg4 Ke6 51. Be1 Be3 52. Bc3 Bc1 53. Kf3
Kf5 54. Be1 Bh6 55. Bc3 Bg7 56. Be1 Bxd4 57. Bd2 Bf6 58. Be1 d4 59. Bf2 Be5 60.
Bg1 d3 61. Ke3 Bg3 62. Kxd3 Bxh4 63. Ke2 Ke4 64. Be3 Bf6 65. Bd2 g5 66. Be1 g4
67. Bd2 Be5 68. Be1 g3 69. Bd2 Bd4 70. Kf1 Kf3 0-1

[Event "Xtracon Chess Open 2016"]
[Site "Elsinore"]
[Date "2016.07.31"]
[Round "10.87"]
[White "Stake Larsen, Gunnar"]
[Black "Andersen, Dag"]
[Result "0-1"]
[WhiteElo "2034"]
[BlackElo "1830"]
[PlyCount "78"]
[EventDate "2016.07.23"]

1. d4 Nf6 2. Nf3 d5 3. c4 c6 4. e3 e6 5. Nc3 Bd6 6. Bd3 dxc4 7. Bxc4 b5 8. Bd3
Bb7 9. e4 Be7 10. O-O Nbd7 11. e5 Nd5 12. Nxd5 exd5 13. Re1 O-O 14. Bf4 a6 15.
Rc1 c5 16. dxc5 Nxc5 17. Rxc5 Bxc5 18. Bxh7+ Kxh7 19. Ng5+ Qxg5 20. Bxg5 Rac8
21. Qh5+ Kg8 22. Qg4 Kh7 23. Qh5+ Kg8 24. Bf6 Rfe8 25. Qg4 Bf8 26. h4 Rc4 27.
Qg5 Bc8 28. f3 Be6 29. h5 Kh7 30. Bd8 Bc5+ 31. Kh1 Bf2 32. g4 Bxe1 33. f4 Bd2
34. h6 g6 35. Qf6 Rg8 36. f5 gxf5 37. gxf5 Rc1+ 38. Kh2 Bf4+ 39. Kh3 Rh1# 0-1

[Event "Xtracon Chess Open 2016"]
[Site "Elsinore"]
[Date "2016.07.31"]
[Round "10.88"]
[White "Jacobsen, Elise Sjottem"]
[Black "Weber, Samuel"]
[Result "0-1"]
[WhiteElo "1611"]
[BlackElo "2031"]
[PlyCount "52"]
[EventDate "2016.07.23"]

1. e4 d5 2. exd5 Nf6 3. d4 Bg4 4. Nf3 Qxd5 5. Be2 Nc6 6. O-O O-O-O 7. c4 Qh5 8.
h3 Nxd4 9. Nxd4 Bxe2 10. Qxe2 Rxd4 11. Qe3 Qc5 12. b3 e6 13. Bb2 Rd8 14. Qg3
Qf5 15. Be5 Rd3 16. Qh2 Bc5 17. Nc3 Nd7 18. Rae1 Bb4 19. Nb5 a6 20. Bxg7 axb5
21. Bxh8 Bxe1 22. Rxe1 bxc4 23. bxc4 f6 24. Bg7 Qg6 25. Rxe6 Rd1+ 26. Re1 Rxe1#
0-1

[Event "Xtracon Chess Open 2016"]
[Site "Elsinore"]
[Date "2016.07.31"]
[Round "10.89"]
[White "Brondt, Nicolai Kvist"]
[Black "Robertsen, Bjorn"]
[Result "1/2-1/2"]
[WhiteElo "2231"]
[BlackElo "1815"]
[PlyCount "141"]
[EventDate "2016.07.23"]

1. Nf3 Nf6 2. c4 c6 3. Nc3 d5 4. e3 g6 5. d4 Bg7 6. Bd3 O-O 7. O-O Nbd7 8. Bd2
Re8 9. cxd5 cxd5 10. Rc1 Nb8 11. b4 Bf5 12. Bxf5 gxf5 13. Qb3 e6 14. Rc2 Nc6
15. Na4 Ne4 16. Nc5 Nd6 17. Nxb7 Nxd4 18. exd4 Nxb7 19. Bf4 Bf8 20. Ne5 Nd6 21.
Qg3+ Bg7 22. Bh6 Qf6 23. Bg5 Ne4 24. Bxf6 Nxg3 25. Bxg7 Nxf1 26. Bf6 Rac8 27.
Rxc8 Rxc8 28. Kxf1 Rc1+ 29. Ke2 Rc2+ 30. Ke3 Rxa2 31. Nd3 Ra3 32. g3 a5 33.
bxa5 Rxa5 34. Nf4 Ra3+ 35. Ke2 Ra2+ 36. Kf3 Ra3+ 37. Kg2 Ra2 38. Nh5 h6 39. Be5
Kh7 40. Nf4 Rc2 41. h4 Ra2 42. h5 Rd2 43. Kg1 Rd1+ 44. Kh2 Rd2 45. Kg2 Rb2 46.
Nd3 Ra2 47. Nc5 Ra7 48. Kf3 Ra3+ 49. Kf4 Ra2 50. f3 Ra1 51. Nd7 Kg8 52. Nf6+
Kf8 53. g4 fxg4 54. fxg4 Rf1+ 55. Kg3 Ra1 56. g5 hxg5 57. Nh7+ Kg8 58. Nxg5 Rh1
59. Kg4 f5+ 60. Kf4 Rxh5 61. Nxe6 Kf7 62. Nc7 Ke7 63. Nxd5+ Ke6 64. Nc7+ Kd7
65. d5 Rh1 66. Ne6 Rf1+ 67. Kg5 Rd1 68. Nf4 Rxd5 69. Nxd5 Ke6 70. Kf4 Kxd5 71.
Kxf5 1/2-1/2

[Event "Xtracon Chess Open 2016"]
[Site "Elsinore"]
[Date "2016.07.31"]
[Round "10.90"]
[White "Holmstrom, Johan Ravnborg"]
[Black "Petersen, Peter Birk"]
[Result "0-1"]
[WhiteElo "1942"]
[BlackElo "2197"]
[PlyCount "102"]
[EventDate "2016.07.23"]

1. d4 g6 2. Nf3 Bg7 3. c4 d6 4. g3 Nf6 5. Bg2 O-O 6. O-O c6 7. Nc3 Qa5 8. e4 e5
9. d5 cxd5 10. cxd5 b5 11. Re1 b4 12. Nb1 Nbd7 13. Nbd2 Rb8 14. Nc4 Qc7 15. b3
Nc5 16. Nfd2 a5 17. Nf1 a4 18. Bg5 Bd7 19. Qc2 h6 20. Be3 Ng4 21. Bxc5 Qxc5 22.
h3 Nf6 23. Kh2 Ra8 24. Nfe3 Ra6 25. Rec1 Rfa8 26. Qb2 Qa7 27. bxa4 Bxa4 28.
Qxb4 Nd7 29. Qd2 Nc5 30. Qc3 Bf8 31. Rcb1 Bd7 32. Qd2 Rxa2 33. Rxa2 Qxa2 34.
Qxa2 Rxa2 35. Rb2 Rxb2 36. Nxb2 f5 37. exf5 gxf5 38. f4 Kf7 39. fxe5 dxe5 40.
Kg1 Kf6 41. Kf2 Bb5 42. Bf3 Nd3+ 43. Nxd3 Bxd3 44. Bd1 Bc5 45. Kf3 e4+ 46. Kf2
Ke5 47. Ba4 f4 48. gxf4+ Kxf4 49. d6 Bxe3+ 50. Ke1 Bb6 51. d7 e3 0-1

[Event "Xtracon Chess Open 2016"]
[Site "Elsinore"]
[Date "2016.07.31"]
[Round "10.91"]
[White "McAndrew, Robert"]
[Black "Goldie, Thomas"]
[Result "0-1"]
[WhiteElo "1939"]
[BlackElo "2171"]
[PlyCount "62"]
[EventDate "2016.07.23"]

1. c4 c5 2. Nc3 e6 3. Nf3 a6 4. g3 Nf6 5. Bg2 Be7 6. O-O O-O 7. d4 cxd4 8. Nxd4
Qc7 9. Qd3 d6 10. Bg5 Nbd7 11. e4 h6 12. Bxf6 Bxf6 13. b3 Ne5 14. Qd2 Bd7 15.
Rad1 Rfd8 16. Kh1 Nc6 17. Nde2 Be8 18. f4 Qa5 19. Rf3 b5 20. cxb5 axb5 21. a4
bxa4 22. bxa4 Rac8 23. Nb5 Qxa4 24. Nxd6 Rxd6 25. Qxd6 Rd8 26. Qxd8 Bxd8 27.
Rfd3 Bb6 28. Bf3 Ne7 29. Nc3 Qc4 30. Kg2 Bc6 31. g4 Ba5 0-1

[Event "Xtracon Chess Open 2016"]
[Site "Elsinore"]
[Date "2016.07.31"]
[Round "10.92"]
[White "Saltvedt, Martin"]
[Black "Christiansen, Jens Jorgen"]
[Result "0-1"]
[WhiteElo "1935"]
[BlackElo "2170"]
[PlyCount "118"]
[EventDate "2016.07.23"]

1. d4 d5 2. Nf3 Nf6 3. Bf4 c5 4. e3 Nc6 5. c3 Qb6 6. b3 Bg4 7. Nbd2 e6 8. Bd3
Be7 9. O-O O-O 10. Rc1 Rac8 11. h3 Bh5 12. Re1 Rfd8 13. Nf1 Bg6 14. Ne5 Nxe5
15. Bxe5 Bxd3 16. Qxd3 c4 17. Qc2 cxb3 18. Qxb3 Nd7 19. Bf4 Qxb3 20. axb3 b5
21. Rc2 Rc6 22. Rec1 Rdc8 23. Nd2 Bb4 24. Nb1 Nb6 25. f3 f5 26. Bg3 a5 27. Be1
Kf7 28. Kf1 g5 29. Ke2 a4 30. Rb2 Bd6 31. Kd3 b4 32. Rcc2 Nc4 33. bxc4 dxc4+
34. Ke2 b3 35. Rd2 Ra6 36. d5 e5 37. e4 f4 38. g3 Rca8 39. gxf4 gxf4 40. Kd1 a3
41. Nxa3 Rxa3 42. Rb1 Ra1 43. Rdb2 Rxb1+ 44. Rxb1 Bc5 45. Bd2 Rg8 46. Be1 Rg1
47. Rb2 Rf1 48. Ke2 Rh1 49. Rd2 Be3 50. Rd1 Rh2+ 51. Kf1 Ke7 52. d6+ Kd7 53.
Rd5 b2 54. Rb5 Kxd6 55. h4 h5 56. Rb4 Rc2 57. Rb5 Kc6 58. Rb8 Bd2 59. Bxd2 Rxd2
0-1

[Event "Xtracon Chess Open 2016"]
[Site "Elsinore"]
[Date "2016.07.31"]
[Round "10.93"]
[White "Christensen, Bo Garner"]
[Black "Klitgaard, Ebbe"]
[Result "1-0"]
[WhiteElo "2150"]
[BlackElo "1914"]
[PlyCount "55"]
[EventDate "2016.07.23"]

1. d4 Nf6 2. Nf3 e6 3. Bf4 d5 4. Nbd2 c5 5. e3 cxd4 6. exd4 Bd6 7. Ne5 O-O 8.
Bd3 Nc6 9. c3 Qc7 10. Qe2 a6 11. g4 b5 12. g5 Nd7 13. Qh5 g6 14. Nxg6 fxg6 15.
Bxg6 hxg6 16. Qxg6+ Kh8 17. Qh6+ Kg8 18. Qxe6+ Rf7 19. g6 Nde5 20. gxf7+ Nxf7
21. Qe8+ Kh7 22. Bxd6 Nxd6 23. Qh5+ Kg7 24. Rg1+ Kf8 25. Qh8+ Ke7 26. Rg7+ Nf7
27. Rxf7+ Kxf7 28. Qh7+ 1-0

[Event "Xtracon Chess Open 2016"]
[Site "Elsinore"]
[Date "2016.07.31"]
[Round "10.94"]
[White "Janse, Sebastiaan"]
[Black "Schultz Pedersen, Jesper"]
[Result "0-1"]
[WhiteElo "1903"]
[BlackElo "2121"]
[PlyCount "74"]
[EventDate "2016.07.23"]

1. e4 b6 2. d4 Bb7 3. Nc3 e6 4. Be3 Bb4 5. f3 d5 6. Bd3 dxe4 7. fxe4 Bxc3+ 8.
bxc3 Bxe4 9. Nf3 Bxd3 10. Qxd3 Nf6 11. O-O Qd5 12. Bf4 Nbd7 13. Bxc7 Rc8 14.
Bf4 O-O 15. Ne5 Nxe5 16. Bxe5 Ne4 17. Rae1 f5 18. Qa6 Qd7 19. c4 Nd2 20. Rf2
Nxc4 21. a4 Nxe5 22. dxe5 Rc5 23. Qd3 Qxd3 24. cxd3 Rd8 25. Re3 Rd4 26. Ra2
Rdd5 27. Rae2 g5 28. Rg3 h6 29. h4 Rxe5 30. Rxe5 Rxe5 31. hxg5 f4 32. d4 fxg3
33. dxe5 hxg5 34. Kf1 Kg7 35. Ke2 Kg6 36. Kd3 Kf5 37. Kd4 a6 0-1

[Event "Xtracon Chess Open 2016"]
[Site "Elsinore"]
[Date "2016.07.31"]
[Round "10.95"]
[White "Palozza, Christian"]
[Black "Edvardsen, Ragnar"]
[Result "1/2-1/2"]
[WhiteElo "2090"]
[BlackElo "1924"]
[PlyCount "69"]
[EventDate "2016.07.23"]

1. d4 Nf6 2. c4 g6 3. Nc3 d5 4. Bf4 Bg7 5. e3 c6 6. Nf3 O-O 7. Bd3 Nbd7 8. cxd5
Nxd5 9. Nxd5 cxd5 10. O-O Nf6 11. h3 Bd7 12. Qb3 Qb6 13. Qxb6 axb6 14. Bc7 b5
15. Ne5 Rfc8 16. Bb6 Bc6 17. Bc5 Bf8 18. a3 e6 19. Bxf8 Kxf8 20. Rfc1 Nd7 21.
Nxd7+ Bxd7 22. Kf1 Ke7 23. Ke2 Kd6 24. Kd2 Rc6 25. h4 Rac8 26. Rc2 Rxc2+ 27.
Bxc2 e5 28. dxe5+ Kxe5 29. Bb3 f5 30. f4+ Kd6 31. Kd3 Bc6 32. Kd4 Re8 33. Bc2
h5 34. Bd3 Ra8 35. b4 1/2-1/2

[Event "Xtracon Chess Open 2016"]
[Site "Elsinore"]
[Date "2016.07.31"]
[Round "10.97"]
[White "Thybo, Thomas Sondergaard"]
[Black "Jacobsen, Fredrik Beer"]
[Result "0-1"]
[WhiteElo "1886"]
[BlackElo "2028"]
[PlyCount "102"]
[EventDate "2016.07.23"]

1. e4 e5 2. Nf3 Nf6 3. d3 Nc6 4. g3 Bc5 5. Bg2 O-O 6. O-O d5 7. Nbd2 dxe4 8.
dxe4 Be6 9. c3 a5 10. h3 h6 11. Qe2 Qd7 12. Kh2 Nh7 13. Nc4 f6 14. Nh4 Rfe8 15.
f4 Qf7 16. Ne3 exf4 17. gxf4 Rad8 18. b3 Qd7 19. Rd1 Qc8 20. Bb2 Bd6 21. Qf3
Ng5 22. Qg3 Bxh3 23. Rxd6 Rxd6 24. fxg5 Bxg2 25. gxh6 g5 26. Nhxg2 Rxe4 27. c4
Ne5 28. Nd5 Ng4+ 29. Kh1 Qf5 30. Re1 Rxe1+ 31. Qxe1 Re6 32. Qc1 Qg6 33. Bd4 Re2
34. Kg1 Rxg2+ 35. Kxg2 Qe4+ 36. Kg3 Qxd4 37. Qe1 Ne5 38. Nxf6+ Kf7 39. Ne4 Qd3+
40. Kg2 Qf3+ 41. Kg1 Qg4+ 42. Kf1 Qh3+ 43. Ke2 Qd3+ 44. Kf2 Ng4+ 45. Kg1 Qd4+
46. Kg2 Ne3+ 47. Kf3 g4+ 48. Ke2 Qxe4 49. Kd2 Nxc4+ 50. bxc4 Qxe1+ 51. Kxe1 Kg6
0-1

[Event "Xtracon Chess Open 2016"]
[Site "Elsinore"]
[Date "2016.07.31"]
[Round "10.98"]
[White "Marthedal, Anton Mehmet Yildiz"]
[Black "Pallesen, Jacob"]
[Result "1/2-1/2"]
[WhiteElo "1891"]
[BlackElo "2026"]
[PlyCount "95"]
[EventDate "2016.07.23"]

1. d4 g6 2. Nf3 Bg7 3. Bg5 c5 4. c3 Qb6 5. Qc2 d5 6. dxc5 Qxc5 7. Nbd2 Bf5 8.
e4 dxe4 9. Nxe4 Bxe4 10. Qxe4 Nc6 11. Qc4 Qb6 12. Qb5 Qc7 13. Be2 Nf6 14. Bf4
Qxf4 15. Qxb7 O-O 16. Qxc6 Rab8 17. g3 Qh6 18. Rb1 Rxb2 19. Rxb2 Qc1+ 20. Bd1
Qxb2 21. a4 Ng4 22. O-O Bxc3 23. Qd7 Nf6 24. Qxa7 e5 25. Qe7 Nd5 26. Qd7 Nb4
27. a5 h6 28. Qb7 Qa3 29. Qb5 e4 30. Ne5 Rd8 31. Be2 Qb2 32. Ng4 Nd3 33. Qxb2
Bxb2 34. Rd1 Rd5 35. a6 Rc5 36. Bxd3 exd3 37. Nxh6+ Kg7 38. Ng4 Ra5 39. Rxd3
Rxa6 40. Kg2 f5 41. Ne3 Be5 42. Rd5 Kf6 43. g4 f4 44. Nc4 f3+ 45. Kxf3 Bxh2 46.
Kg2 Bf4 47. Rd4 Kg5 48. f3 1/2-1/2

[Event "Xtracon Chess Open 2016"]
[Site "Elsinore"]
[Date "2016.07.31"]
[Round "10.99"]
[White "Arndt, Uwe"]
[Black "Stuhlmann, Alexander"]
[Result "1/2-1/2"]
[WhiteElo "2023"]
[BlackElo "1873"]
[PlyCount "105"]
[EventDate "2016.07.23"]

1. d4 Nf6 2. c4 e6 3. Nc3 Bb4 4. Qc2 b6 5. a3 Bxc3+ 6. Qxc3 Bb7 7. Nf3 d6 8. g3
Nbd7 9. Bg2 O-O 10. O-O c5 11. e3 Qe7 12. b3 Ne4 13. Qc2 f5 14. Nd2 Ndf6 15.
Nxe4 Bxe4 16. Bxe4 Nxe4 17. f3 Nf6 18. Bb2 Rad8 19. Rad1 d5 20. Rd3 Nh5 21.
Rfd1 Nf6 22. dxc5 Qxc5 23. b4 Qc7 24. Bxf6 gxf6 25. Qa2 dxc4 26. Rxd8 Rxd8 27.
Rxd8+ Qxd8 28. Qxc4 Qd1+ 29. Kf2 Qd2+ 30. Qe2 Qc3 31. Qa2 Kf7 32. Ke2 Ke7 33.
b5 Kd6 34. a4 Kc5 35. Qxe6 Qc4+ 36. Qxc4+ Kxc4 37. e4 fxe4 38. fxe4 Kb4 39. g4
Kxa4 40. e5 fxe5 41. g5 Kxb5 42. h4 a5 43. h5 a4 44. Kd1 a3 45. Kc2 e4 46. g6
a2 47. Kb2 hxg6 48. hxg6 e3 49. g7 e2 50. g8=Q e1=Q 51. Qd5+ Kb4 52. Qd4+ Kb5
53. Qd5+ 1/2-1/2

[Event "Xtracon Chess Open 2016"]
[Site "Elsinore"]
[Date "2016.07.31"]
[Round "10.100"]
[White "Ingebretsen, Jens E"]
[Black "Slettebo, Jan"]
[Result "0-1"]
[WhiteElo "1862"]
[BlackElo "2022"]
[PlyCount "50"]
[EventDate "2016.07.23"]

1. e4 e5 2. Nf3 Nc6 3. Bb5 f5 4. d4 fxe4 5. Nxe5 Nxe5 6. dxe5 c6 7. Bc4 Qa5+ 8.
Nc3 Qxe5 9. Be3 d5 10. Bd4 Qg5 11. Bxd5 cxd5 12. Nb5 Bg4 13. h4 Qf4 14. Nc7+
Qxc7 15. Qxg4 Qd7 16. Qh5+ Qf7 17. Qe5+ Ne7 18. O-O-O O-O-O 19. Rh3 Nc6 20. Qh2
Bd6 21. Qg1 Nxd4 22. Rxd4 Kb8 23. Rb3 Bc5 24. Ra4 Rhf8 25. Qh2+ Qf4+ 0-1

[Event "Xtracon Chess Open 2016"]
[Site "Elsinore"]
[Date "2016.07.31"]
[Round "10.101"]
[White "Olesen, Poul Erik Norgaard"]
[Black "Sajjadi, Kimiya"]
[Result "0-1"]
[WhiteElo "2020"]
[BlackElo "1860"]
[PlyCount "124"]
[EventDate "2016.07.23"]

1. e4 e6 2. d4 d5 3. Nc3 Nf6 4. Bg5 dxe4 5. Bxf6 Qxf6 6. Nxe4 Qh6 7. Qf3 Be7 8.
Bd3 Nd7 9. Qg3 Qg6 10. Qh3 Qh6 11. Qxh6 gxh6 12. Nf3 b6 13. O-O-O Bb7 14. Rhe1
O-O-O 15. Kb1 Rhg8 16. Ng3 Nf6 17. c3 Bd6 18. Ne5 Rg7 19. f3 h5 20. Rd2 Rdg8
21. Bf1 h6 22. Ne2 Nd5 23. g3 h4 24. Bh3 Bxe5 25. dxe5 hxg3 26. hxg3 Kb8 27. g4
Ne7 28. Rf1 Ng6 29. f4 Nh4 30. Ng3 Rc8 31. Rd7 Bc6 32. Rd4 Rgg8 33. Nh5 Rgd8
34. Rfd1 Rxd4 35. Rxd4 Nf3 36. Rd1 Be4+ 37. Kc1 Nh4 38. Nf6 Bc6 39. Bf1 Ng6 40.
Rd4 Kb7 41. Bd3 Rh8 42. Kd2 Nh4 43. Be2 Nf3+ 44. Bxf3 Bxf3 45. Rd7 Rf8 46. Ke3
Bc6 47. Rd2 a5 48. a3 a4 49. Kf2 Kc8 50. Kg3 Kb7 51. Rh2 Rd8 52. Rxh6 Rd3+ 53.
Kh4 Rd2 54. Rh7 Rxb2 55. Rxf7 Rh2+ 56. Kg5 Rh3 57. f5 exf5 58. gxf5 Rxc3 59. e6
Rxa3 60. Nd7 Rg3+ 61. Kf6 a3 62. Rh7 a2 0-1

[Event "Xtracon Chess Open 2016"]
[Site "Elsinore"]
[Date "2016.07.31"]
[Round "10.102"]
[White "Philipsen, William Horup"]
[Black "Nordin, Eric"]
[Result "1-0"]
[WhiteElo "2016"]
[BlackElo "1832"]
[PlyCount "103"]
[EventDate "2016.07.23"]

1. e4 d6 2. d4 Nf6 3. Nc3 g6 4. Bc4 Bg7 5. Qe2 e5 6. dxe5 dxe5 7. Bg5 c6 8. Rd1
Qe7 9. f4 Bg4 10. Nf3 Nbd7 11. O-O O-O 12. h3 Bxf3 13. Rxf3 exf4 14. Bxf4 Ne5
15. Bxe5 Qxe5 16. Rdf1 Rad8 17. Qf2 Qd4 18. Bb3 Qxf2+ 19. R1xf2 Rd7 20. Rxf6
Bxf6 21. Rxf6 Kg7 22. Rf3 Re8 23. Kf2 Ree7 24. Rd3 h6 25. g4 f6 26. Ne2 Kf8 27.
Nf4 Kg7 28. Ne6+ Kh8 29. Nf8 Rxd3 30. cxd3 Kg7 31. Ne6+ Kf7 32. Nf4+ Kg7 33.
Ke3 f5 34. gxf5 gxf5 35. Kd4 fxe4 36. dxe4 Kf6 37. Nd3 Rd7+ 38. Ke3 Rg7 39. e5+
Ke7 40. Nf4 b6 41. Ke4 a5 42. e6 Rg5 43. h4 Rg1 44. Bc4 b5 45. Bd3 Ra1 46. a3
Ra2 47. Ke5 Rxb2 48. Ng6+ Ke8 49. Kf6 Rb3 50. Be4 Rc3 51. Ne5 b4 52. Bg6+ 1-0

[Event "Xtracon Chess Open 2016"]
[Site "Elsinore"]
[Date "2016.07.31"]
[Round "10.103"]
[White "Jessen, Alexander"]
[Black "Densing, Gerd"]
[Result "0-1"]
[WhiteElo "2014"]
[BlackElo "1814"]
[PlyCount "74"]
[EventDate "2016.07.23"]

1. d4 e6 2. Nf3 b6 3. e4 Bb7 4. Bd3 d5 5. e5 c5 6. c3 Ne7 7. Bg5 h6 8. Bh4 g5
9. Bg3 Nf5 10. O-O Nc6 11. Bb5 a6 12. Bxc6+ Bxc6 13. Na3 cxd4 14. cxd4 Bxa3 15.
bxa3 Bb5 16. Re1 Bc4 17. h3 b5 18. a4 Qb6 19. axb5 axb5 20. Qd2 Ra3 21. Nh2
Qxd4 22. Qxd4 Nxd4 23. Red1 Ne2+ 24. Kh1 Ke7 25. Ng4 h5 26. Nf6 Nxg3+ 27. fxg3
Rha8 28. h4 gxh4 29. gxh4 Rxa2 30. Rab1 Re2 31. Ra1 Rxa1 32. Rxa1 Rxe5 33. Ng8+
Kf8 34. Ra8+ Kg7 35. Ne7 d4 36. Rd8 Bd5 37. Rg8+ Kf6 0-1